Welcome to CU Library Online Public Access Catalogue (OPAC)

John: The Gospel of Belief (Record no. 8875)

MARC details
000 -LEADER
fixed length control field 00487nam a22001457a 4500
005 - DATE AND TIME OF LATEST TRANSACTION
control field 20260304135546.0
008 - FIXED-LENGTH DATA ELEMENTS--GENERAL INFORMATION
fixed length control field 260304b |||||||| |||| 00| 0 eng d
020 ## - INTERNATIONAL STANDARD BOOK NUMBER
International Standard Book Number 9780802843517
050 ## - LIBRARY OF CONGRESS CALL NUMBER
Classification number BS2615
Item number .T42
100 ## - MAIN ENTRY--PERSONAL NAME
Personal name Tenney, Merrill C.
245 ## - TITLE STATEMENT
Title John: The Gospel of Belief
Remainder of title an analytic study of the text
Statement of responsibility, etc. Merrill C. Tenney
260 ## - PUBLICATION, DISTRIBUTION, ETC.
Place of publication, distribution, etc. Grand Rapids, Michigan
-- Cambridge, UK
Name of publisher, distributor, etc. William B. Eerdmans Publishing Company
Date of publication, distribution, etc. 1976
300 ## - PHYSICAL DESCRIPTION
Extent 321p.
Other physical details map.
Dimensions 21.5cm
942 ## - ADDED ENTRY ELEMENTS (KOHA)
Source of classification or shelving scheme Library of Congress Classification
Koha item type Books
Suppress in OPAC No
999 ## -
-- 8875
-- 8875
Holdings
Withdrawn status Lost status Source of classification or shelving scheme Damaged status Not for loan Collection Home library Current library Shelving location Date acquired Total checkouts Full call number Barcode Date last seen Copy number Price effective from Koha item type
    Library of Congress Classification     Non-fiction Business Library (Miotso) Business Library (Miotso) General stacks 03/04/2026   BS2615 .T42 TEN BSSM00002424 03/04/2026 1 03/04/2026 Books
© 2023-2024 Copyright: Central University Libraries. All Rights Reserved | Created by: Mahone Tech Office